[Event "NED-ch U16 Girls"]
[Site "Almelo"]
[Date "2023.05.03"]
[Round "4"]
[White "Ganeshram, Nirupa"]
[Black "De Bruijne, Marlies"]
[Result "1-0"]
[WhiteElo "1629"]
[BlackElo "945"]
[PlyCount "97"]
[EventDate "2023.04.30"]
[EventType "swiss"]
[EventRounds "7"]
[EventCountry "NED"]
[SourceTitle "CBM 214 Extra"]
[Source "ChessBase"]
[SourceDate "2023.07.31"]
[SourceVersion "1"]
[SourceVersionDate "2023.07.31"]
[SourceQuality "1"]

1. e4 c5 2. Nf3 e6 3. d4 d5 4. exd5 exd5 5. Nc3 Nc6 6. dxc5 Nf6 7. Be3 Bg4 8. Be2 Be7 9. h3 Be6 10. Qd2 Ne4 11. Nxe4 dxe4 12. Qxd8+ Rxd8 13. Nd2 Bf5 14. 0-0-0 0-0 15. g4 Be6 16. Nxe4 Bxa2 17. b3 Na5 18. Kb2 Bxb3 19. cxb3 Rb8 20. Bf4 Rbc8 21. Bd6 Rce8 22. Bb5 Nc6 23. Rhe1 Bxd6 24. cxd6 a6 25. Bxc6 bxc6 26. d7 Rd8 27. Nc5 h6 28. Nb7 Rb8 29. d8Q Rfxd8 30. Rxd8+ Rxd8 31. Nxd8 c5 32. Kc3 Kh7 33. Nxf7 c4 34. h4 Kg6 35. Ne5+ Kf6 36. Nxc4 a5 37. f4 g5 38. fxg5+ hxg5 39. h5 a4 40. Kd4 axb3 41. Kd5 b2 42. Nxb2 Kg7 43. Rf1 Kh7 44. Rf6 Kg7 45. Ke6 Kh7 46. Rg6 Kh8 47. Kf6 Kh7 48. Kf7 Kh8 49. Rh6# 1-0

[Event "NED-ch U16 Girls"]
[Site "Almelo"]
[Date "2023.04.30"]
[Round "1"]
[White "De Bruijne, Marlies"]
[Black "Zahirna, Iryna"]
[Result "0-1"]
[WhiteElo "945"]
[BlackElo "1594"]
[PlyCount "77"]
[EventDate "2023.04.30"]
[EventType "swiss"]
[EventRounds "7"]
[EventCountry "NED"]
[SourceTitle "CBM 214 Extra"]
[Source "ChessBase"]
[SourceDate "2023.07.31"]
[SourceVersion "1"]
[SourceVersionDate "2023.07.31"]
[SourceQuality "1"]

1. d4 d5 2. c4 Nc6 3. Nc3 Nf6 4. Nf3 e6 5. a3 h6 6. e3 dxc4 7. Bxc4 Bd6 8. e4 e5 9. dxe5 Nxe5 10. Nxe5 Bxe5 11. Qxd8+ Kxd8 12. Bd3 Re8 13. f3 Ke7 14. 0-0 Bd4+ 15. Kh1 Be6 16. Nb5 Bb6 17. Bf4 Red8 18. Rad1 Bb3 19. Rd2 g5 20. Bxc7 Bxc7 21. Nxc7 Rac8 22. Nb5 Bc4 23. Rfd1 Bxd3 24. Rxd3 Rxd3 25. Rf1 a6 26. Nc3 Rd2 27. Na4 b5 28. Nb6 Rcc2 29. Re1 Rxb2 30. h3 Rxg2 31. Nd5+ Nxd5 32. exd5+ Kd7 33. Ra1 Rgd2 34. Kg1 Rxd5 35. Kf1 Rdd2 36. Ke1 Rh2 37. Rd1+ Kc6 38. Rc1+ Kb6 39. Ra1 0-1

[Event "NED-ch U14 Girls"]
[Site "Almelo"]
[Date "2022.05.04"]
[Round "4"]
[White "Roebers, Bregje"]
[Black "De Bruijne, Marlies"]
[Result "1-0"]
[WhiteElo "1214"]
[BlackElo "858"]
[PlyCount "105"]
[EventDate "2022.05.01"]
[EventType "swiss"]
[EventRounds "9"]
[EventCountry "NED"]
[SourceTitle "EXT 2023"]
[Source "ChessBase"]
[SourceDate "2022.10.05"]
[SourceVersion "1"]
[SourceVersionDate "2022.10.05"]
[SourceQuality "1"]

1. e4 e5 2. Nf3 Nc6 3. d4 exd4 4. Nxd4 Nf6 5. Nc3 Bb4 6. Nxc6 bxc6 7. Bd3 0-0 8. 0-0 d5 9. exd5 cxd5 10. Bd2 a5 11. h3 Ba6 12. a3 Bxd3 13. cxd3 Bxc3 14. Bxc3 d4 15. Bd2 Re8 16. b4 a4 17. Bf4 Nd5 18. Bd2 Qd7 19. Qg4 Qxg4 20. hxg4 Rac8 21. Rfe1 h6 22. Kf1 Re7 23. Rac1 Rxe1+ 24. Rxe1 Nf6 25. f3 g5 26. Rc1 Nd7 27. Rc4 Nb6 28. Rxd4 Kg7 29. Ke2 Re8+ 30. Re4 Rxe4+ 31. dxe4 Nc4 32. Bc1 c6 33. Kd3 Nd6 34. Bb2+ f6 35. e5 Ne8 36. exf6+ Nxf6 37. Bxf6+ Kxf6 38. Ke4 Ke6 39. Kd4 Kd6 40. g3 Ke6 41. f4 Kd6 42. f5 Ke7 43. Ke5 h5 44. gxh5 g4 45. h6 Kf7 46. f6 c5 47. bxc5 Kg8 48. Ke6 Kh7 49. f7 Kg6 50. f8Q Kh5 51. h7 Kg6 52. Qg8+ Kh6 53. h8R# 1-0